000 00437nam a2200181Ia 4500
008 170705s9999 xx 000 0 und d
020 _a439394538
245 _aClifford's scary halloween /
245 _cNorman Bridwell.
260 _aNew York :
260 _bScholastic,
260 _c2002
300 _aunpaged :
300 _bcolor illustration ;
300 _c26cm.
440 _aClifford the big red dog.
500 _a160
999 _c336816
_d336816